000 00885cam a2200229 4500
001 WB3910-14
008 030311n2003 000 0 eng u
035 _a(Sirsi) u121586
245 _aLower right to buy discounts to ease housing pressure
260 _c2003
490 _aODPM News Release
_v(ODPM-034) 6 March 2003, 4
520 _aForty one local authority areas in London and southern England will have their maximum right to buy discounts lowered to help tackle severe housing pressures, reduce homelessness and discourage exploitation of the rules. Lists the affected areas. http://www.odpm.gov.uk/news/0303/0034.htm
590 _aWB
650 _aLONDON
650 _aSOUTHERN ENGLAND
650 _aLOCAL AUTHORITY HOUSING
650 _aRIGHT TO BUY
650 _aHOMELESSNESS
650 _aHOUSING PROBLEMS
690 _aAffordable housing
_96215
942 _n0
999 _c72276
_d72276